000 00473nam a2200157 i 4500
001 81179
003 ES-MaACL
005 20230906174402.0
007 t|
008 041103s1974 pe ||||1| spa d
245 0 0 _aHomenaje a Abelardo Gamarra /
_cprólogo y recopilación de Julio Galarreta González.
260 _aLima :
_bP.L. Villanueva,
_c1974.
300 _a152 p. ;
_c21 cm.
700 1 _aGalarreta González, Julio.
_953328
852 _aES-MaACL
_jL-2665
_bR.103520
999 _c81179
_d81179